000 00452nam a2200157 a 4500
005 20140414132141.0
008 140201s19uu xx 00 eng d
020 _a9781603760362
050 _aREF 509
_bOx1 2008
245 _aOxford illustrated to the history of modern science.
260 _aNew York :
_bBlack Dog, Levents,
_cc2008.
300 _a328
650 _aScience-
_xhistory
700 _aJ.L. heilbron - editor in chief
999 _c115349
_d115349